00680nam a2200229Ia 4500003000900000008004100009040001300050040001300063041000800076100002000084245002800104250002200132260001200154260000900166300001100175300001000186490002400196490000600220942000700226999001700233952020000250IT-RoPAU120407s9999 xx 000 0 und d aIT-RoPAU cIT-RoPAU aita aBenedetto Mosca aVita di Giovanni XXIII. aSesto S. Giovanni aPeruzzo c1985 a232 p. c19 cm aLe grandi biografie v1 cBK c29690d29690 00102ddc406922_23220000000000071aPAULUSbPAULUSd2012-04-11l0o922.2322r2012-04-11 00:00:00w2012-04-11yBKzInserito da: Jole In data: 12 settembre 2011 fondo: Via A.Severo 56 Progr:37028